000 00720nam a22002417a 4500
001 89318
003 DO-SdBNP
005 20180125101710.0
007 89318
008 931220s1993 sp | |||| ||spa
016 7 _2BPMSU
020 _a8481300144
040 _aBPMSU
_bspa
_cBPMSU
100 1 _aRulfo, Juan
_d1918-1986
245 1 0 _aEn la madrugada y otros relatos /
_cJuan Rulfo
260 _aBarcelona :
_bPrimera Plana,
_c1993
300 _a96 p. :
_c21 cm.
490 _aGrandes autores. Biblioteca de literatura universal
_v17
830 _pGrandes autores. Biblioteca de literatura universal
_v17
942 _2ddc
_cBK
945 _ainventariado, 2018 / dg
956 _aVMATEO
_210
_320151118
_6BPMSU
_800151
999 _c8792
_d8792